Education in Sierra Leone present challenges, future opportunities
Salvato in:
| Natura: | Libro |
|---|---|
| Lingua: | inglese |
| Pubblicazione: |
Washington, D.C.
<The> World Bank
2007
|
| Serie: | Africa human development series
|
| Soggetti: | |
| Tags: |
Nessun Tag, puoi essere il primo ad aggiungerne!!
|
MARC
| LEADER | 00000nam$a2200000$$$4500 | ||
|---|---|---|---|
| 001 | 0075911 | ||
| 005 | 20240315115220.2 | ||
| 020 | |a 978-0-8213-6868-8 | ||
| 020 | |a 0-8213-6868-0 | ||
| 041 | 0 | |a eng | |
| 044 | |a US | ||
| 245 | 1 | 0 | |a Education in Sierra Leone |b present challenges, future opportunities |
| 264 | 1 | |a Washington, D.C. |b <The> World Bank |c 2007 | |
| 300 | |a 207 s. | ||
| 490 | 1 | |a Africa human development series | |
| 830 | 0 | |a Africa human development series | |
| 610 | 2 | 0 | |a školstvo |
| 610 | 2 | 0 | |a vzdelávanie |
| 610 | 2 | 0 | |a politika |
| 610 | 2 | 0 | |a administratíva |
| 610 | 2 | 0 | |a populácia |
| 610 | 2 | 0 | |a chudoba |
| 610 | 2 | 0 | |a gramotnosť |
| 610 | 2 | 0 | |a školy základné |
| 610 | 2 | 0 | |a školy stredné |
| 610 | 2 | 0 | |a výdavky |
| 610 | 2 | 0 | |a financovanie |
| 610 | 2 | 0 | |a Sierra Leone |